Advanced Organic Chemistry / (Record no. 12144)
[ view plain ]
| 000 -LEADER | |
|---|---|
| fixed length control field | 00647nam a2200241 a 4500 |
| 001 - CONTROL NUMBER | |
| JCCL Control Number | 12144 |
| 003 - CONTROL NUMBER IDENTIFIER | |
| JCCL marc code | BD-JhCC |
| 005 - DATE AND TIME OF LATEST TRANSACTION | |
| control field | 20221103134023.0 |
| 008 - FIXED-LENGTH DATA ELEMENTS--GENERAL INFORMATION | |
| fixed length control field | 210321r19772018ii a|||| |||| 001 0 eng d |
| 020 ## - INTERNATIONAL STANDARD BOOK NUMBER | |
| International Standard Book Number | 9788121935159 |
| 035 ## - SYSTEM CONTROL NUMBER | |
| system control number | (BD-JhCC)12144 |
| 040 ## - CATALOGING SOURCE | |
| Original cataloging agency | BD-JhCC |
| Modifying agency | BD-JhCC |
| 041 ## - LANGUAGE CODE | |
| Language code of Book | eng |
| 082 ## - DEWEY DECIMAL CLASSIFICATION NUMBER | |
| Classification number | 547 |
| Author mark and Year | BAH 2018 |
| 100 ## - MAIN ENTRY--PERSONAL NAME | |
| Personal name | Bahl, Arun |
| 245 ## - TITLE STATEMENT | |
| Title | Advanced Organic Chemistry / |
| Statement of responsibility, etc | Arun Bahl and B. S. Bhal |
| 260 ## - PUBLICATION, DISTRIBUTION, ETC. (IMPRINT) | |
| Place of publication, distribution, etc | India : |
| Name of publisher, distributor, etc | S. Chand & Company Ltd. |
| Date of publication, distribution, etc | 2018 [reprint] |
| 300 ## - PHYSICAL DESCRIPTION | |
| Pagination | xxiii, 1504 p. : |
| Dimensions | 22 cm |
| Other physical details | ill. ; |
| 650 ## - SUBJECT ADDED ENTRY--TOPICAL TERM | |
| Topical term or geographic name as entry element | Organic chemistry |
| 700 ## - ADDED ENTRY--PERSONAL NAME | |
| Personal name | Bhal, B. S. |
| 942 ## - ADDED ENTRY ELEMENTS (KOHA) | |
| Source of classification or shelving scheme | Dewey Decimal Classification |
| Koha item type | Books |
| Koha issues (borrowed), all copies | 7 |
| Source of classification or shelving scheme | Damaged status | Not for loan | Home library | Current library | Shelving location | Date of accession | Cost, normal purchase price | Total Checkouts | Full call number | Barcode | Checked out | Date last seen | Date checked out | Copy number | Koha item type |
|---|---|---|---|---|---|---|---|---|---|---|---|---|---|---|---|
| Dewey Decimal Classification | JCC Rouf Library | JCC Rouf Library | General Stacks | 03/21/2021 | 2251.00 | 7 | 547 BAH 2018 | 16623 | 08/29/2024 | 07/24/2024 | 07/24/2024 | C-1 | Books |